Library Banner

النظریۃ التربویۃ فی الاسلام/ (Record no. 93270)

MARC details
000 -LEADER
fixed length control field 00432nam a22001457a 4500
005 - DATE AND TIME OF LATEST TRANSACTION
control field 20170508134547.0
008 - FIXED-LENGTH DATA ELEMENTS--GENERAL INFORMATION
fixed length control field 170508b xxu||||| |||| 00| 0 eng d
040 ## - CATALOGING SOURCE
Transcribing agency PK-LaUMT
082 ## - DEWEY DECIMAL CLASSIFICATION NUMBER
Classification number ZIAC 297.01
Item number JAM-A
100 ## - MAIN ENTRY--PERSONAL NAME
Personal name جمیل خیاط ، محمد
245 ## - TITLE STATEMENT
Title النظریۃ التربویۃ فی الاسلام/
Statement of responsibility, etc محمد جمیل خیاط
260 ## - PUBLICATION, DISTRIBUTION, ETC. (IMPRINT)
Place of publication, distribution, etc قطر:
Name of publisher, distributor, etc مطابع صفا،
Date of publication, distribution, etc [ ]
300 ## - PHYSICAL DESCRIPTION
Extent 205 ص
942 ## - ADDED ENTRY ELEMENTS (KOHA)
Koha item type Books
Holdings
Withdrawn status Lost status Damaged status Home library Current library Date acquired Full call number Barcode Date last seen Price effective from Koha item type
      UMT Main Campus UMT Main Campus 2017-05-08 ZIAC 297.01 JAM-A 108342 2017-05-08 2017-05-08 Books